000 00291nam a22001337a 4500
003 OSt
008 240127b |||||||| |||| 00| 0 eng d
020 _a9781473667526
100 _aDOBELLI,Rolf
245 _aThe Art of the Good Life
250 _a1st Ed
300 _a259
942 _2ddc
_cBK
999 _c12202
_d12202